000
00345nam a22001571a 4500
020
_a
9788124007099
082
_a
M3
_b
MAN/S
100
_a
Manoj
245
_a
Sathyavageeswaran/
_c
by Manoj
260
_c
1999.
_a
_b
300
_a
216p.
650
_a
Novel Malayalam
650
_a
Literature Malayalam
650
_a
Literature
942
_c
BK
999
_c
40826
_d
40826